| 000 | 00984nam a2200217 i 4500 | ||
|---|---|---|---|
| 001 | 126228 | ||
| 003 | ES-MaACL | ||
| 005 | 20230906192800.0 | ||
| 007 | t| | ||
| 008 | 070214s1960 sp r ||||1| spa d | ||
| 100 | 1 |
_aRemarque, Erich Maria. _996115 |
|
| 245 | 1 | 0 |
_aObras selectas _b: novelas / _cErich Maria Remarque. |
| 260 |
_aBarcelona : _bPlaneta, _c1960. |
||
| 300 |
_a1 v. : _bil. = retr. aut. ; _c19 cm. |
||
| 505 | 8 | _aContiene: Sin novedad en el frente / traducción de Aurelio Garzón del Camino y Fermín Soto . Después / traducción de Aurelio Garzón del Camino y Fermín Soto . Tres camaradas / traducción de Enrique de Juan . Tiempo para amar y tiempo para morir / traducción de Enrique de Juan . La chispa de la vida / traducción de Santiago Ferrán | |
| 700 | 1 |
_aGarzón del Camino, Aurelio. _955821 |
|
| 700 | 1 |
_aSoto, Fermín. _9107483 |
|
| 700 | 1 |
_aJuan, Enrique de. _967090 |
|
| 700 | 1 |
_aFerrán, Santiago. _950241 |
|
| 852 |
_aES-MaACL _jP-652 _bR.46554 |
||
| 999 |
_c126228 _d126228 |
||